[Event "WCO 2016"]
[Site "?"]
[Date "2016.09.11"]
[Round "9"]
[Board "8"]
[WhiteID "5211158"]
[White "Mendoza Shania Mae"]
[BlackID "4901347"]
[Black "Lkhamsuren Uuganbayar"]
[Result "1/2-1/2"]
[BlackElo "2147"]
[WhiteElo "1965"]
[LiveChessVersion "1.4.8"]

1. d4 {[%clk 1:30:23]} Nf6 {[%clk 1:30:42]} 2. c4 {[%clk 1:30:11]} e6
{[%clk 1:31:08]} 3. Nc3 {[%clk 1:29:58]} Bb4 {[%clk 1:31:31]} 4. Qc2
{[%clk 1:30:04]} O-O {[%clk 1:31:50]} 5. a3 {[%clk 1:30:11]} Bxc3+
{[%clk 1:32:10]} 6. Qxc3 {[%clk 1:30:25]} b6 {[%clk 1:32:25]} 7. Bg5
{[%clk 1:29:02]} Bb7 {[%clk 1:32:37]} 8. f3 {[%clk 1:28:37]} d6 {[%clk 1:31:08]}
9. e4 {[%clk 1:23:19]} c5 {[%clk 1:27:37]} 10. dxc5 {[%clk 1:15:55]} bxc5
{[%clk 1:22:13]} 11. Rd1 {[%clk 1:10:48]} Qe7 {[%clk 1:01:58]} 12. Bd3
{[%clk 0:56:21]} Nc6 {[%clk 0:49:00]} 13. Bxf6 {[%clk 0:50:28]} Qxf6
{[%clk 0:48:59]} 14. Qxf6 {[%clk 0:49:56]} gxf6 {[%clk 0:49:25]} 15. Ne2
{[%clk 0:47:58]} Rfd8 {[%clk 0:45:04]} 16. Kf2 {[%clk 0:38:26]} Ba6
{[%clk 0:41:04]} 17. b3 {[%clk 0:34:53]} Rab8 {[%clk 0:40:38]} 18. Bc2
{[%clk 0:34:58]} Rb6 {[%clk 0:30:40]} 19. f4 {[%clk 0:27:00]} Kf8
{[%clk 0:28:31]} 20. Rd2 {[%clk 0:20:43]} Na5 {[%clk 0:23:09]} 21. Nc1
{[%clk 0:18:56]} e5 {[%clk 0:16:31]} 22. Rhd1 {[%clk 0:14:54]} Ke7
{[%clk 0:15:33]} 23. Rd3 {[%clk 0:11:37]} Bb7 {[%clk 0:05:19]} 24. Rh3
{[%clk 0:09:27]} Rg8 {[%clk 0:04:19]} 25. f5 {[%clk 0:08:28]} Rg7
{[%clk 0:00:41]} 26. Ne2 {[%clk 0:07:16]} Kf8 {[%clk 0:00:40]} 27. Nc3
{[%clk 0:05:53]} Ke7 {[%clk 0:00:43]} 28. Ne2 {[%clk 0:04:38]} Nc6
{[%clk 0:00:52]} 29. Rhd3 {[%clk 0:04:36]} Nd4 {[%clk 0:00:48]} 30. Nxd4
{[%clk 0:05:02]} cxd4 {[%clk 0:00:42]} 31. Rh3 {[%clk 0:05:02]} a5
{[%clk 0:00:54]} 32. Rg3 {[%clk 0:05:04]} Rxg3 {[%clk 0:00:36]} 33. Kxg3
{[%clk 0:05:33]} Ba6 {[%clk 0:00:41]} 34. a4 {[%clk 0:05:17]} Rb8
{[%clk 0:01:07]} 35. Kf3 {[%clk 0:05:31]} Rg8 {[%clk 0:00:51]} 36. g4
{[%clk 0:04:04]} Kd7 {[%clk 0:00:49]} 37. h4 {[%clk 0:03:58]} h6 {[%clk 0:01:04]}
38. Rg1 {[%clk 0:03:56]} Ke7 {[%clk 0:00:43]} 39. Rd1 {[%clk 0:04:15]} Rh8
{[%clk 0:00:35]} 40. Rg1 {[%clk 0:33:24]} Rg8 {[%clk 0:30:43]} 41. Rd1
{[%clk 0:32:53]} Kd7 {[%clk 0:31:07]} 42. Rg1 {[%clk 0:27:30]} Kc6
{[%clk 0:30:46]} 43. Ke2 {[%clk 0:26:28]} Kc5 {[%clk 0:26:42]} 44. Kd3
{[%clk 0:25:36]} Rd8 {[%clk 0:25:17]} 45. Kd2 {[%clk 0:21:48]} Bb7
{[%clk 0:24:21]} 46. Bd3 {[%clk 0:22:02]} Bc6 {[%clk 0:23:09]} 47. Kc2
{[%clk 0:22:08]} Rb8 {[%clk 0:22:47]} 48. h5 {[%clk 0:18:41]} Kb4
{[%clk 0:22:00]} 49. Ra1 {[%clk 0:18:37]} Rc8 {[%clk 0:19:59]} 50. Kb2
{[%clk 0:18:43]} Bb7 {[%clk 0:19:30]} 51. Re1 {[%clk 0:18:27]} 1/2-1/2

[Event "WCO 2016"]
[Site "?"]
[Date "2016.09.11"]
[Round "9"]
[Board "5"]
[WhiteID "623725"]
[White "Milliet Sophie"]
[BlackID "13402005"]
[Black "Mamedjarova Turkan"]
[Result "1-0"]
[BlackElo "2304"]
[WhiteElo "2362"]
[LiveChessVersion "1.4.8"]

1. e4 {[%clk 1:30:57]} e5 {[%clk 1:30:48]} 2. Nf3 {[%clk 1:31:22]} Nf6
{[%clk 1:30:56]} 3. d4 {[%clk 1:30:48]} Nxe4 {[%clk 1:29:54]} 4. Bd3
{[%clk 1:31:12]} d5 {[%clk 1:29:58]} 5. Nxe5 {[%clk 1:31:27]} Bd6
{[%clk 1:26:47]} 6. O-O {[%clk 1:27:01]} O-O {[%clk 1:17:39]} 7. c4
{[%clk 1:27:08]} c6 {[%clk 1:17:21]} 8. Nc3 {[%clk 1:26:25]} Nxc3
{[%clk 0:36:31]} 9. bxc3 {[%clk 1:26:51]} dxc4 {[%clk 0:35:09]} 10. Bxc4
{[%clk 1:26:43]} Qf6 {[%clk 0:29:13]} 11. f4 {[%clk 1:18:44]} c5 {[%clk 0:29:15]}
12. Be3 {[%clk 1:14:56]} Qe7 {[%clk 0:27:19]} 13. Qf3 {[%clk 0:59:34]} cxd4
{[%clk 0:25:25]} 14. cxd4 {[%clk 0:59:37]} Nd7 {[%clk 0:22:20]} 15. Rfe1
{[%clk 0:56:44]} Nf6 {[%clk 0:17:57]} 16. Bf2 {[%clk 0:56:12]} Be6
{[%clk 0:13:05]} 17. d5 {[%clk 0:55:47]} Bf5 {[%clk 0:12:04]} 18. g4
{[%clk 0:50:50]} Be4 {[%clk 0:12:06]} 19. Rxe4 {[%clk 0:50:15]} Nxe4
{[%clk 0:12:21]} 20. Qxe4 {[%clk 0:50:40]} Bc5 {[%clk 0:08:49]} 21. Rf1
{[%clk 0:46:15]} Rac8 {[%clk 0:06:11]} 22. g5 {[%clk 0:45:30]} Bxf2+
{[%clk 0:05:40]} 23. Rxf2 {[%clk 0:45:59]} Qd6 {[%clk 0:05:52]} 24. Bd3
{[%clk 0:45:39]} g6 {[%clk 0:06:16]} 25. Ng4 {[%clk 0:45:56]} Rc1+
{[%clk 0:04:42]} 26. Kg2 {[%clk 0:46:08]} Rfc8 {[%clk 0:04:12]} 27. Qd4
{[%clk 0:39:26]} Rd1 {[%clk 0:03:54]} 28. Re2 {[%clk 0:38:19]} Rxd3
{[%clk 0:03:30]} 29. Nh6+ {[%clk 0:38:37]} 1-0

[Event "WCO 2016"]
[Site "?"]
[Date "2016.09.11"]
[Round "9"]
[Board "6"]
[WhiteID "13402625"]
[White "Khalafova Narmin"]
[BlackID "2902265"]
[Black "Collas Silvia"]
[Result "1/2-1/2"]
[BlackElo "2301"]
[WhiteElo "2219"]
[LiveChessVersion "1.4.8"]

1. e4 {[%clk 1:30:35]} d6 {[%clk 1:30:35]} 2. d4 {[%clk 1:30:20]} Nf6
{[%clk 1:30:54]} 3. Nc3 {[%clk 1:30:37]} e5 {[%clk 1:30:59]} 4. Nf3
{[%clk 1:30:03]} Nbd7 {[%clk 1:31:10]} 5. Bc4 {[%clk 1:30:25]} Be7
{[%clk 1:31:16]} 6. O-O {[%clk 1:30:43]} O-O {[%clk 1:31:33]} 7. Re1
{[%clk 1:31:02]} a6 {[%clk 1:31:34]} 8. a4 {[%clk 1:25:41]} b6 {[%clk 1:31:51]}
9. h3 {[%clk 1:20:33]} Bb7 {[%clk 1:32:10]} 10. d5 {[%clk 1:16:15]} Kh8
{[%clk 1:31:12]} 11. Be3 {[%clk 1:12:05]} Ng8 {[%clk 1:26:21]} 12. Qc1
{[%clk 1:09:30]} g6 {[%clk 1:23:29]} 13. Kh1 {[%clk 1:03:45]} a5 {[%clk 1:22:13]}
14. Bb5 {[%clk 0:47:52]} Nc5 {[%clk 1:20:56]} 15. Bxc5 {[%clk 0:34:39]} bxc5
{[%clk 1:21:20]} 16. Qd1 {[%clk 0:34:55]} f5 {[%clk 1:20:02]} 17. Nd2
{[%clk 0:34:30]} f4 {[%clk 1:16:36]} 18. Be2 {[%clk 0:32:44]} Bh4
{[%clk 1:13:50]} 19. Kg1 {[%clk 0:28:00]} Nh6 {[%clk 1:12:39]} 20. Nf3
{[%clk 0:26:24]} Be7 {[%clk 1:11:14]} 21. Qd2 {[%clk 0:22:47]} Nf7
{[%clk 1:09:42]} 22. Qd1 {[%clk 0:20:08]} h5 {[%clk 1:06:44]} 23. Ra3
{[%clk 0:17:59]} Bc8 {[%clk 1:05:38]} 24. Rb3 {[%clk 0:16:13]} Nh6
{[%clk 1:04:54]} 25. Nh2 {[%clk 0:15:32]} Bd7 {[%clk 1:01:49]} 26. Bb5
{[%clk 0:13:39]} Rb8 {[%clk 1:01:47]} 27. Bxd7 {[%clk 0:10:56]} Rxb3
{[%clk 1:01:50]} 28. cxb3 {[%clk 0:11:17]} Qxd7 {[%clk 1:02:17]} 29. Nb5
{[%clk 0:11:01]} Ra8 {[%clk 1:01:18]} 30. Qe2 {[%clk 0:10:06]} Nf7
{[%clk 0:59:32]} 31. Rd1 {[%clk 0:09:32]} Nd8 {[%clk 0:57:04]} 32. Rd3
{[%clk 0:08:24]} Kg7 {[%clk 0:55:45]} 33. Qd1 {[%clk 0:07:41]} Kh6
{[%clk 0:56:01]} 34. Nf1 {[%clk 0:06:42]} g5 {[%clk 0:53:45]} 35. g4
{[%clk 0:05:42]} Nb7 {[%clk 0:48:48]} 36. Nd2 {[%clk 0:04:22]} h4
{[%clk 0:48:56]} 37. Nc4 {[%clk 0:03:24]} Ra6 {[%clk 0:48:35]} 38. Nc3
{[%clk 0:02:00]} Kg6 {[%clk 0:47:27]} 39. Kh2 {[%clk 0:01:38]} Bd8
{[%clk 0:47:19]} 40. Nb5 {[%clk 0:31:27]} Kf7 {[%clk 1:16:06]} 41. Qe2
{[%clk 0:22:35]} Ra8 {[%clk 1:15:25]} 42. Qe1 {[%clk 0:19:06]} Kg6
{[%clk 1:12:12]} 43. Qc3 {[%clk 0:18:34]} Bf6 {[%clk 1:10:31]} 44. Rd1
{[%clk 0:15:47]} Kf7 {[%clk 1:09:39]} 45. Qd3 {[%clk 0:15:28]} Qc8
{[%clk 1:07:21]} 46. Qc3 {[%clk 0:12:19]} Ra6 {[%clk 1:07:23]} 1/2-1/2

[Event "WCO 2016"]
[Site "?"]
[Date "2016.09.11"]
[Round "9"]
[Board "7"]
[WhiteID "13601717"]
[White "Maisuradze Nino"]
[BlackID "13403052"]
[Black "Fataliyeva Ulviyya"]
[Result "1/2-1/2"]
[BlackElo "2234"]
[WhiteElo "2256"]
[LiveChessVersion "1.4.8"]

1. d4 {[%clk 1:30:52]} e6 {[%clk 1:30:59]} 2. c4 {[%clk 1:30:58]} Nf6
{[%clk 1:31:27]} 3. Nf3 {[%clk 1:30:47]} d5 {[%clk 1:31:55]} 4. Nc3
{[%clk 1:30:37]} Bb4 {[%clk 1:32:24]} 5. Qb3 {[%clk 1:30:10]} c5 {[%clk 1:31:21]}
6. dxc5 {[%clk 1:30:21]} Nc6 {[%clk 1:31:27]} 7. Bg5 {[%clk 1:30:32]} h6
{[%clk 1:28:32]} 8. Bxf6 {[%clk 1:30:47]} Qxf6 {[%clk 1:28:41]} 9. cxd5
{[%clk 1:30:25]} exd5 {[%clk 1:27:53]} 10. e3 {[%clk 1:30:20]} O-O
{[%clk 1:24:20]} 11. Bb5 {[%clk 1:29:54]} d4 {[%clk 1:18:27]} 12. Bxc6
{[%clk 1:29:50]} dxc3 {[%clk 1:16:59]} 13. Qxb4 {[%clk 1:30:10]} cxb2
{[%clk 1:17:10]} 14. Rb1 {[%clk 1:30:29]} bxc6 {[%clk 1:15:30]} 15. O-O
{[%clk 1:25:25]} Ba6 {[%clk 0:43:51]} 16. Rfe1 {[%clk 1:25:13]} Bd3
{[%clk 0:29:43]} 17. Rxb2 {[%clk 1:24:17]} Rab8 {[%clk 0:30:05]} 18. Qxb8
{[%clk 1:24:29]} Rxb8 {[%clk 0:30:34]} 19. Rxb8+ {[%clk 1:24:52]} Kh7
{[%clk 0:31:01]} 20. Rb4 {[%clk 0:37:01]} Qc3 {[%clk 0:22:34]} 21. Rb3
{[%clk 0:34:19]} Qc2 {[%clk 0:22:51]} 22. Nd4 {[%clk 0:34:16]} Qd2
{[%clk 0:21:12]} 23. Nf3 {[%clk 0:34:37]} Qc2 {[%clk 0:21:34]} 24. Nd4
{[%clk 0:25:53]} Qc4 {[%clk 0:20:11]} 25. Nxc6 {[%clk 0:20:19]} Be4
{[%clk 0:19:56]} 26. Nd4 {[%clk 0:19:25]} Qxc5 {[%clk 0:20:09]} 27. Rd1
{[%clk 0:17:06]} Qd5 {[%clk 0:15:08]} 28. f3 {[%clk 0:15:06]} Bc2
{[%clk 0:15:03]} 29. Rb5 {[%clk 0:13:08]} Qxa2 {[%clk 0:13:25]} 30. Nxc2
{[%clk 0:10:07]} Qxc2 {[%clk 0:13:53]} 31. Ra1 {[%clk 0:01:22]} Qc3
{[%clk 0:11:08]} 32. Rba5 {[%clk 0:01:48]} Qxe3+ {[%clk 0:11:30]} 33. Kh1
{[%clk 0:02:09]} Qf4 {[%clk 0:10:43]} 34. R5a4 {[%clk 0:02:27]} Qf6
{[%clk 0:09:45]} 35. Ra6 {[%clk 0:02:30]} Qf4 {[%clk 0:10:04]} 36. R6a4
{[%clk 0:02:46]} Qf6 {[%clk 0:10:32]} 37. Rxa7 {[%clk 0:03:11]} Qe6
{[%clk 0:10:17]} 38. R7a6 {[%clk 0:03:14]} Qe5 {[%clk 0:10:37]} 39. R6a5
{[%clk 0:03:36]} Qe3 {[%clk 0:10:58]} 40. R5a3 {[%clk 0:33:49]} Qe5
{[%clk 0:41:21]} 41. Ra4 {[%clk 0:31:07]} Qe3 {[%clk 0:41:16]} 42. Re4
{[%clk 0:29:20]} Qc3 {[%clk 0:41:25]} 43. Rae1 {[%clk 0:29:47]} Qb2
{[%clk 0:41:22]} 44. h3 {[%clk 0:26:17]} Qc3 {[%clk 0:41:08]} 45. Re7
{[%clk 0:24:46]} Qb4 {[%clk 0:39:56]} 46. R1e2 {[%clk 0:18:59]} Qb1+
{[%clk 0:40:16]} 47. Kh2 {[%clk 0:19:24]} Qb8+ {[%clk 0:40:33]} 48. g3
{[%clk 0:19:33]} Qb3 {[%clk 0:40:44]} 49. Kg2 {[%clk 0:19:59]} Qc4
{[%clk 0:41:01]} 50. h4 {[%clk 0:20:04]} Qd5 {[%clk 0:41:08]} 51. g4
{[%clk 0:12:29]} f5 {[%clk 0:38:15]} 52. R7e5 {[%clk 0:11:53]} Qc4
{[%clk 0:38:30]} 53. Kg3 {[%clk 0:08:23]} fxg4 {[%clk 0:38:39]} 54. fxg4
{[%clk 0:07:07]} Qd4 {[%clk 0:38:30]} 55. R2e3 {[%clk 0:03:30]} Qd1
{[%clk 0:38:49]} 56. h5 {[%clk 0:03:24]} Qg1+ {[%clk 0:39:06]} 57. Kf3
{[%clk 0:03:00]} Qf1+ {[%clk 0:38:58]} 58. Kg3 {[%clk 0:02:55]} Qg1+
{[%clk 0:39:21]} 1/2-1/2

[Event "WCO 2016"]
[Site "?"]
[Date "2016.09.11"]
[Round "9"]
[Board "8"]
[WhiteID "13402137"]
[White "Umudova Nargiz"]
[BlackID "675946"]
[Black "Navrotescu Andreea-Cristiana"]
[Result "0-1"]
[BlackElo "2235"]
[WhiteElo "2247"]
[LiveChessVersion "1.4.8"]

1. e4 {[%clk 1:30:58]} e6 {[%clk 1:30:54]} 2. d4 {[%clk 1:31:22]} d5
{[%clk 1:31:19]} 3. Nc3 {[%clk 1:31:47]} Bb4 {[%clk 1:31:41]} 4. e5
{[%clk 1:32:13]} c5 {[%clk 1:32:03]} 5. a3 {[%clk 1:32:35]} Bxc3+
{[%clk 1:32:26]} 6. bxc3 {[%clk 1:33:02]} Ne7 {[%clk 1:32:31]} 7. a4
{[%clk 1:33:04]} Qc7 {[%clk 1:30:18]} 8. Nf3 {[%clk 1:29:08]} b6 {[%clk 1:29:15]}
9. Bb5+ {[%clk 1:22:37]} Bd7 {[%clk 1:29:33]} 10. O-O {[%clk 1:21:59]} Bxb5
{[%clk 1:24:04]} 11. axb5 {[%clk 1:22:22]} Qd7 {[%clk 1:24:23]} 12. dxc5
{[%clk 1:08:54]} Qxb5 {[%clk 1:24:40]} 13. Nd4 {[%clk 0:54:45]} Qxc5
{[%clk 1:23:47]} 14. Ba3 {[%clk 0:50:24]} Qc4 {[%clk 1:20:57]} 15. Qh5
{[%clk 0:49:11]} Ng6 {[%clk 1:17:28]} 16. Rfb1 {[%clk 0:40:29]} Nc6
{[%clk 1:14:55]} 17. Nb5 {[%clk 0:24:04]} Kd7 {[%clk 1:14:25]} 18. Nd6
{[%clk 0:19:52]} Qf4 {[%clk 1:09:52]} 19. c4 {[%clk 0:18:45]} Ngxe5
{[%clk 0:44:34]} 20. cxd5 {[%clk 0:15:31]} Nd4 {[%clk 0:43:38]} 21. Rd1
{[%clk 0:04:41]} g6 {[%clk 0:41:29]} 22. Qh3 {[%clk 0:04:40]} Ng4
{[%clk 0:41:38]} 23. dxe6+ {[%clk 0:04:55]} Kxe6 {[%clk 0:20:47]} 24. Re1+
{[%clk 0:03:04]} Kd5 {[%clk 0:19:57]} 25. Ne4 {[%clk 0:01:24]} f5
{[%clk 0:17:37]} 26. Nc3+ {[%clk 0:00:38]} Kc6 {[%clk 0:17:50]} 27. Nd1
{[%clk 0:00:36]} Rhe8 {[%clk 0:16:12]} 28. Be7 {[%clk 0:00:39]} Qd2
{[%clk 0:15:42]} 29. Nb2 {[%clk 0:00:33]} Qxf2+ {[%clk 0:15:58]} 30. Kh1
{[%clk 0:01:00]} Qxe1+ {[%clk 0:16:10]} 0-1

[Event "WCO 2016"]
[Site "?"]
[Date "2016.09.11"]
[Round "9"]
[Board "9"]
[WhiteID "12512214"]
[White "Khademalsharieh Sarasadat"]
[BlackID "4132190"]
[Black "Zimina Olga"]
[Result "1/2-1/2"]
[BlackElo "2389"]
[WhiteElo "2429"]
[LiveChessVersion "1.4.8"]

1. d4 {[%clk 1:30:54]} d5 {[%clk 1:30:48]} 2. c4 {[%clk 1:31:16]} e6
{[%clk 1:31:14]} 3. Nc3 {[%clk 1:31:23]} Nf6 {[%clk 1:31:37]} 4. cxd5
{[%clk 1:30:32]} exd5 {[%clk 1:32:01]} 5. Bg5 {[%clk 1:30:57]} c6
{[%clk 1:32:15]} 6. e3 {[%clk 1:31:21]} Be7 {[%clk 1:32:32]} 7. Qc2
{[%clk 1:31:32]} O-O {[%clk 1:32:50]} 8. Bd3 {[%clk 1:31:38]} Nbd7
{[%clk 1:33:11]} 9. Nge2 {[%clk 1:31:53]} Re8 {[%clk 1:33:18]} 10. O-O
{[%clk 1:32:02]} Nf8 {[%clk 1:33:34]} 11. f3 {[%clk 1:32:04]} g6 {[%clk 1:33:44]}
12. Rad1 {[%clk 1:31:53]} Ne6 {[%clk 1:33:52]} 13. Bh4 {[%clk 1:32:15]} b6
{[%clk 1:33:54]} 14. Kh1 {[%clk 1:28:52]} Bb7 {[%clk 1:33:26]} 15. Bf2
{[%clk 1:20:52]} Qc8 {[%clk 1:30:03]} 16. e4 {[%clk 1:14:14]} dxe4
{[%clk 1:27:42]} 17. fxe4 {[%clk 1:14:30]} c5 {[%clk 1:27:01]} 18. d5
{[%clk 1:08:23]} c4 {[%clk 1:26:11]} 19. dxe6 {[%clk 1:08:47]} Qxe6
{[%clk 1:26:35]} 20. Nd4 {[%clk 0:58:59]} cxd3 {[%clk 1:26:56]} 21. Qxd3
{[%clk 0:59:07]} Qg4 {[%clk 1:09:43]} 22. h3 {[%clk 0:54:49]} Qh5
{[%clk 1:08:29]} 23. Bg3 {[%clk 0:52:06]} Rad8 {[%clk 1:08:00]} 24. Qc4
{[%clk 0:51:47]} Qc5 {[%clk 1:01:31]} 25. Qd3 {[%clk 0:40:30]} Nh5
{[%clk 0:55:56]} 26. Bf2 {[%clk 0:40:45]} Qe5 {[%clk 0:49:48]} 27. Qc4
{[%clk 0:32:00]} Bd6 {[%clk 0:38:21]} 28. Nf3 {[%clk 0:32:19]} Qf4
{[%clk 0:37:57]} 29. Rd4 {[%clk 0:25:55]} Bc5 {[%clk 0:32:30]} 30. Rxd8
{[%clk 0:24:38]} Rxd8 {[%clk 0:32:59]} 31. Bh4 {[%clk 0:23:00]} Rd7
{[%clk 0:27:26]} 32. Qb5 {[%clk 0:22:21]} Re7 {[%clk 0:20:44]} 33. b4
{[%clk 0:18:07]} Be3 {[%clk 0:15:33]} 34. Qd3 {[%clk 0:15:37]} Re6
{[%clk 0:02:56]} 35. Re1 {[%clk 0:11:30]} g5 {[%clk 0:03:14]} 36. Nxg5
{[%clk 0:10:39]} Rd6 {[%clk 0:02:58]} 37. Qxe3 {[%clk 0:10:17]} Qxh4
{[%clk 0:03:21]} 38. Nd5 {[%clk 0:08:29]} Qg3 {[%clk 0:00:55]} 39. Ne7+
{[%clk 0:06:13]} Kf8 {[%clk 0:01:06]} 40. Nf5 {[%clk 0:35:46]} Qxe3
{[%clk 0:31:09]} 41. Rxe3 {[%clk 0:36:11]} Rd1+ {[%clk 0:25:42]} 42. Kh2
{[%clk 0:36:08]} f6 {[%clk 0:24:35]} 43. Ne6+ {[%clk 0:32:13]} Kf7
{[%clk 0:24:39]} 44. Ned4 {[%clk 0:32:35]} Ng7 {[%clk 0:17:32]} 45. Rc3
{[%clk 0:21:58]} Nxf5 {[%clk 0:17:01]} 46. Rc7+ {[%clk 0:21:37]} Kg8
{[%clk 0:16:11]} 47. Nxf5 {[%clk 0:15:20]} Bxe4 {[%clk 0:16:21]} 48. Nh6+
{[%clk 0:11:37]} Kf8 {[%clk 0:06:36]} 49. Rf7+ {[%clk 0:09:34]} Ke8
{[%clk 0:07:06]} 50. Rxa7 {[%clk 0:09:13]} Rd2 {[%clk 0:07:12]} 51. Kg3
{[%clk 0:09:39]} Rxg2+ {[%clk 0:06:57]} 52. Kf4 {[%clk 0:10:05]} Bb1
{[%clk 0:04:37]} 53. Ng4 {[%clk 0:09:11]} Bxa2 {[%clk 0:01:43]} 54. Nxf6+
{[%clk 0:09:34]} Kd8 {[%clk 0:02:11]} 55. Rxh7 {[%clk 0:08:26]} Be6
{[%clk 0:01:18]} 56. Ke5 {[%clk 0:07:49]} Ba2 {[%clk 0:00:51]} 57. h4
{[%clk 0:06:58]} Re2+ {[%clk 0:01:00]} 58. Kd4 {[%clk 0:07:22]} Rb2
{[%clk 0:00:56]} 59. h5 {[%clk 0:06:40]} Rxb4+ {[%clk 0:01:22]} 60. Ke5
{[%clk 0:07:05]} Rb2 {[%clk 0:00:59]} 61. h6 {[%clk 0:06:36]} Re2+
{[%clk 0:01:25]} 62. Kd4 {[%clk 0:06:42]} Bb1 {[%clk 0:01:09]} 63. Rh8+
{[%clk 0:06:47]} Kc7 {[%clk 0:01:10]} 64. Nd5+ {[%clk 0:05:34]} Kb7
{[%clk 0:00:43]} 65. Rf8 {[%clk 0:05:34]} Re6 {[%clk 0:00:39]} 66. Nf6
{[%clk 0:03:54]} b5 {[%clk 0:00:50]} 67. Kc5 {[%clk 0:03:52]} Re5+
{[%clk 0:01:11]} 68. Kb4 {[%clk 0:04:13]} Kc6 {[%clk 0:01:04]} 69. h7
{[%clk 0:02:41]} Bxh7 {[%clk 0:01:26]} 70. Nxh7 {[%clk 0:03:09]} Re4+
{[%clk 0:01:50]} 71. Kb3 {[%clk 0:03:31]} Re3+ {[%clk 0:01:54]} 1/2-1/2

[Event "WCO 2016"]
[Site "?"]
[Date "2016.09.11"]
[Round "9"]
[Board "10"]
[WhiteID "822590"]
[White "Brunello Marina"]
[BlackID "12502014"]
[Black "Pourkashiyan Atousa"]
[Result "1/2-1/2"]
[BlackElo "2335"]
[WhiteElo "2376"]
[LiveChessVersion "1.4.8"]

1. e4 {[%clk 1:30:57]} c5 {[%clk 1:30:49]} 2. Nf3 {[%clk 1:31:15]} e6
{[%clk 1:31:06]} 3. g3 {[%clk 1:31:30]} Nc6 {[%clk 1:28:45]} 4. Bg2
{[%clk 1:31:36]} Nf6 {[%clk 1:28:33]} 5. Qe2 {[%clk 1:31:48]} d6 {[%clk 1:23:47]}
6. O-O {[%clk 1:30:35]} Be7 {[%clk 1:22:28]} 7. Rd1 {[%clk 1:26:46]} O-O
{[%clk 1:19:02]} 8. d4 {[%clk 1:22:29]} cxd4 {[%clk 1:15:22]} 9. Nxd4
{[%clk 1:22:32]} Nxd4 {[%clk 1:07:57]} 10. Rxd4 {[%clk 1:22:57]} e5
{[%clk 1:05:59]} 11. Rd1 {[%clk 1:22:26]} Bg4 {[%clk 1:02:52]} 12. Bf3
{[%clk 1:20:47]} Bxf3 {[%clk 0:55:47]} 13. Qxf3 {[%clk 1:21:11]} Rc8
{[%clk 0:55:41]} 14. Nc3 {[%clk 1:19:49]} h6 {[%clk 0:55:23]} 15. a4
{[%clk 1:18:36]} a6 {[%clk 0:49:10]} 16. Be3 {[%clk 1:10:38]} Rc4
{[%clk 0:40:11]} 17. Qe2 {[%clk 1:02:59]} Qc8 {[%clk 0:33:15]} 18. f3
{[%clk 1:02:47]} Qc6 {[%clk 0:29:44]} 19. Rac1 {[%clk 0:57:47]} Rc8
{[%clk 0:20:32]} 20. Rd2 {[%clk 0:57:59]} b5 {[%clk 0:18:18]} 21. axb5
{[%clk 0:51:08]} axb5 {[%clk 0:18:46]} 22. Nd5 {[%clk 0:50:45]} Nxd5
{[%clk 0:18:26]} 23. Rxd5 {[%clk 0:51:08]} b4 {[%clk 0:17:56]} 24. Rd2
{[%clk 0:51:11]} Kh7 {[%clk 0:16:03]} 25. h4 {[%clk 0:48:09]} g6 {[%clk 0:14:29]}
26. h5 {[%clk 0:47:51]} g5 {[%clk 0:09:57]} 27. g4 {[%clk 0:48:11]} Bd8
{[%clk 0:09:18]} 28. Qf2 {[%clk 0:44:57]} Kg7 {[%clk 0:08:32]} 29. Kh2
{[%clk 0:39:31]} Be7 {[%clk 0:08:44]} 30. Kh3 {[%clk 0:39:41]} Qa6
{[%clk 0:07:38]} 31. Rd3 {[%clk 0:34:47]} Qa2 {[%clk 0:03:49]} 32. Rb3
{[%clk 0:34:28]} Qa4 {[%clk 0:03:58]} 33. Qd2 {[%clk 0:34:11]} R8c6
{[%clk 0:04:15]} 34. Qd1 {[%clk 0:28:18]} Rxc2 {[%clk 0:00:35]} 35. Rd3
{[%clk 0:22:42]} b3 {[%clk 0:00:51]} 36. Ra1 {[%clk 0:22:56]} Qc4
{[%clk 0:01:00]} 37. Ra7 {[%clk 0:21:51]} Bf8 {[%clk 0:01:24]} 38. Rb7
{[%clk 0:22:04]} Rxb2 {[%clk 0:01:23]} 39. Rdxb3 {[%clk 0:21:20]} Rxb3
{[%clk 0:01:18]} 40. Rxb3 {[%clk 0:49:49]} Be7 {[%clk 0:31:27]} 41. Rb7
{[%clk 0:48:16]} Rc7 {[%clk 0:25:42]} 42. Qb3 {[%clk 0:43:32]} Qxb3
{[%clk 0:19:48]} 43. Rxb3 {[%clk 0:43:53]} Rd7 {[%clk 0:20:08]} 44. Rb5
{[%clk 0:43:48]} Kf6 {[%clk 0:19:37]} 45. Kg2 {[%clk 0:41:10]} Ke6
{[%clk 0:19:46]} 46. Rb6 {[%clk 0:41:02]} Rc7 {[%clk 0:17:19]} 47. Kf2
{[%clk 0:40:51]} Rc2+ {[%clk 0:16:42]} 48. Ke1 {[%clk 0:41:04]} Ra2
{[%clk 0:16:31]} 49. Rb8 {[%clk 0:38:07]} Bf6 {[%clk 0:16:32]} 50. Re8+
{[%clk 0:31:56]} Kd7 {[%clk 0:13:56]} 51. Rf8 {[%clk 0:32:20]} Ke7
{[%clk 0:14:11]} 52. Rb8 {[%clk 0:32:45]} Kd7 {[%clk 0:09:23]} 53. Rf8
{[%clk 0:31:33]} Ke7 {[%clk 0:07:55]} 54. Rb8 {[%clk 0:31:58]} Rc2
{[%clk 0:07:17]} 55. Kd1 {[%clk 0:31:20]} Rc6 {[%clk 0:07:33]} 56. Ke2
{[%clk 0:31:21]} Ke6 {[%clk 0:07:42]} 57. Re8+ {[%clk 0:30:30]} Kd7
{[%clk 0:07:41]} 58. Rf8 {[%clk 0:30:55]} Ke7 {[%clk 0:08:06]} 59. Rb8
{[%clk 0:31:20]} Rc7 {[%clk 0:08:04]} 60. Kd3 {[%clk 0:30:53]} Kd7
{[%clk 0:06:55]} 61. Rb6 {[%clk 0:29:42]} Bd8 {[%clk 0:07:06]} 62. Rb8
{[%clk 0:29:11]} Rc6 {[%clk 0:07:15]} 63. Ra8 {[%clk 0:27:41]} Bf6
{[%clk 0:06:06]} 64. Rf8 {[%clk 0:26:30]} Ke7 {[%clk 0:06:19]} 65. Ra8
{[%clk 0:26:48]} Ke6 {[%clk 0:06:08]} 66. Re8+ {[%clk 0:26:56]} Kd7
{[%clk 0:06:10]} 67. Rf8 {[%clk 0:27:13]} Ke7 {[%clk 0:06:35]} 68. Ra8
{[%clk 0:27:37]} Bg7 {[%clk 0:06:04]} 69. Rb8 {[%clk 0:24:13]} Ra6
{[%clk 0:05:56]} 70. Rc8 {[%clk 0:24:23]} Ra3+ {[%clk 0:06:01]} 71. Ke2
{[%clk 0:24:31]} Ra5 {[%clk 0:05:01]} 72. Rb8 {[%clk 0:23:18]} Ke6
{[%clk 0:04:35]} 73. Rg8 {[%clk 0:22:09]} Bf6 {[%clk 0:04:54]} 74. Re8+
{[%clk 0:22:32]} Kd7 {[%clk 0:04:34]} 75. Rf8 {[%clk 0:22:59]} Ke7
{[%clk 0:04:58]} 76. Rb8 {[%clk 0:23:25]} Ke6 {[%clk 0:02:45]} 77. Re8+
{[%clk 0:23:49]} Be7 {[%clk 0:01:48]} 78. Rh8 {[%clk 0:23:39]} Kf6
{[%clk 0:02:15]} 79. Rb8 {[%clk 0:22:27]} d5 {[%clk 0:02:24]} 80. Rb6+
{[%clk 0:22:35]} Kg7 {[%clk 0:02:52]} 81. Bd2 {[%clk 0:17:02]} Rc5
{[%clk 0:02:36]} 82. Bb4 {[%clk 0:16:23]} Rc2+ {[%clk 0:02:56]} 83. Kd3
{[%clk 0:16:41]} Rb2 {[%clk 0:02:57]} 84. Bc5 {[%clk 0:16:40]} Rxb6
{[%clk 0:02:36]} 85. Bxb6 {[%clk 0:17:01]} d4 {[%clk 0:02:37]} 86. Bc7
{[%clk 0:16:45]} Kf6 {[%clk 0:02:46]} 87. Kc4 {[%clk 0:16:57]} Ke6
{[%clk 0:03:08]} 88. Ba5 {[%clk 0:15:43]} Kd6 {[%clk 0:03:03]} 89. Bb4+
{[%clk 0:16:04]} Kd7 {[%clk 0:03:26]} 90. Ba5 {[%clk 0:16:16]} Kc6
{[%clk 0:03:45]} 91. Bd2 {[%clk 0:16:17]} Bf8 {[%clk 0:01:24]} 92. Ba5
{[%clk 0:16:30]} Be7 {[%clk 0:01:51]} 93. Bd2 {[%clk 0:16:56]} Kd6
{[%clk 0:01:44]} 94. Bb4+ {[%clk 0:17:13]} Kd7 {[%clk 0:01:58]} 95. Bd2
{[%clk 0:17:28]} Kc6 {[%clk 0:01:37]} 96. Ba5 {[%clk 0:17:25]} f6
{[%clk 0:01:53]} 97. Bd2 {[%clk 0:17:35]} Bd6 {[%clk 0:00:51]} 98. Ba5
{[%clk 0:17:47]} Bc7 {[%clk 0:01:14]} 99. Bb4 {[%clk 0:18:10]} Bd6
{[%clk 0:01:22]} 100. Ba5 {[%clk 0:18:34]} Be7 {[%clk 0:01:45]} 101. Bd2
{[%clk 0:18:53]} Bd6 {[%clk 0:01:57]} 1/2-1/2